000 01412nam0a22003011 4500
001 rc\2786471
005 20250529165334.0
035 _a(NLR Aleph) 006912663
090 _a7363640
_c7363640
100 _a20110915d1935 |||y0rusy50 ca
101 0 _arus
102 _aRU
105 _aa z |||||
200 1 _aИсследование штопора самолета Р-5 в полете
_fВ. С. Ведров, С. А. Коровицкий, Ю. К. Станкевич
210 _aМосква
_cизд. и тип. Центр. аэро-гидродинамич. ин-та им. проф. Н. Е. Жуковского
_d1935
215 _aОбл., 49 с., 1 вкл. л. граф.
_cил.
_d26х18 см.
225 1 _aТруды Центрального аэро-гидродинамического института им. проф. Н. Е. Жуковского
_fНКТП СССР. Глав. упр. авиац. пром-сти
_vВып. 228
300 _aРезюме на англ. яз.
320 _aБиблиогр.: "Список лит-ры..." (13 назв.)
700 1 _aВедров
_bВ.С.
_gВсеволод Сергеевич
701 1 _aКоровицкий
_bС.А.
701 1 _aСтанкевич
_bЮ.К.
_gЮрий Константинович
801 0 _aRU
_bNLR
_gpsbo
801 1 _aRU
_bELAR
_2rusmarc
852 _aNLR
_jП11/665
942 _cBOOK
980 _aNB